000
00329nam a22001457a 4500
003
SGT
020
_a
9788179921623
082
_a
158.1,SHA
100
_a
SHARMA,ROBIN S.
245
_a
THE MONK WHO SOLD HIS FERRARI
260
_a
NEW DELHI
_b
JAICO PUBLISHING
_c
2005
300
_a
198
650
_a
LAW BOOKS
942
_2
ddc
_c
BK
_0
5
999
_c
10357
_d
10357